Générique Bécébégé - Paroles - Statistiques

Statistiques générales
  • Ce quiz a été pris 17 fois
  • Le résultat moyen est 6 sur 9
Statistiques - réponses
Paroles % Correct
Relax teenager de {Beverly} {Hills}
88%
A {Beverly} {Hills}
82%
Rendez-vous au {Club} B.C.B.G.
82%
Soleil et {palmiers}
82%
Où le {soleil} est comme une bou-ou-oule
65%
Pour le chic, il faut savoir {choquer}
65%
Dans tes {délires} soit coo-oo-ool
53%
T'as mis le select derrière la {colline}
53%
C'est la vie {dorée} B.C.B.G.
47%
Aucun quiz correspondant
Distribution des résultats
% des personnes avec chaque résultat
Percentile par nombre de réponses
Votre historique - résultats
Vous n’avez pas pris ce quiz